Broadway: As Good As Its Similes Quiz Stats

Quiz Updated Oct 13, 2013

Challenge
Share
Tweet
Embed
Score 0/24 Timer 06:00
0 Plays Today
% Correct
Grease
87.5%
The Sound of Music
86.8%
Beauty and the Beast
86.7%
The Lion King
76.3%
Oklahoma!
73.5%
Fiddler on the Roof
60.8%
Annie
59.1%
Sweeney Todd
56.1%
Les Misérables
55.9%
Funny Girl
55.1%
Into the Woods
50.9%
Wicked
48.2%
% Correct
Joseph and the Amazing Technicolor Dreamcoat
47%
Avenue Q
46.4%
Annie Get Your Gun
44.1%
Hairspray
42.2%
Mary Poppins
39.2%
Newsies
38.1%
The Book of Mormon
35.5%
Spring Awakening
30.1%
Chicago
28.8%
Cats
19.7%
Little Women
19.2%
Thoroughly Modern Millie
16.9%

You're not logged in!

Compare scores with friends on all Sporcle quizzes.
Join for Free
OR
Log In

You Might Also Like...

Show Comments

Extras

Top Quizzes Today


Score Distribution

Your Account Isn't Verified!

In order to create a playlist on Sporcle, you need to verify the email address you used during registration. Go to your Sporcle Settings to finish the process.

Report this User

Report this user for behavior that violates our Community Guidelines.

Details: